000 00775nam a2200253 a 4500
999 _c9527
_d9527
001 9527
003 BD-JhCC
005 20180714120458.0
008 180318s19871971enkac d 000 0 eng d
020 _a1850891966
035 _a(BD-JhCC)9527
040 _aBD-JhCC
_dBD-JhCC
041 _aeng
082 _a828/.9/1408
_218
_bMIL 1972
100 1 _aMilligan, Spike,
_d1918-2002.
245 1 0 _aAdolf Hitler :
_bmy part in his downfall /
_cSpike Milligan
260 _aOxford :
_bISIS Large Print,
_c1987, c1971
300 _a145 p (large print) :
_bill.,ports ;
_c24 cm
490 0 _aMainstream series
500 _aOriginally published: London : Michael Joseph, 1971
650 0 _aWorld War, 1939-1945
_vPersonal narratives, British
942 _2ddc
_cBK